000 00382nam a22001457a 4500
005 20171129131533.0
008 171129b xxu||||| |||| 00| 0 eng d
020 _a81-8189-142-2
041 _aeng
100 _aSINGH, NEMPAL AND OTHERS
_93995
245 _aVEGETABLE SEEDS PRODUCTION TECHNOLOGY
_cNEMPAL SINGH AND OTHERS
260 _aLUCKNOW
_bIBDC
300 _a227p.
942 _cBK
999 _c5643
_d5641